[Event "European Cities & Towns Chess Championship - Open/Seniors"]
[Site "Central Europe"]
[Date "2023.01.29"]
[Round "9.10.1"]
[White "Yasin, Hur"]
[Black "Babarovic, Fran"]
[Result "1-0"]
[WhiteElo "1872"]
[BlackElo "1275"]
[BlackCountry "SI"]
[BlackFideId "14641429"]
[BlackTeam "Ljubljana - Komenda"]
[WhiteCountry "TR"]
[WhiteFideId "6300170"]
[WhiteTeam "Istanbul - Seniors"]
[WhiteTitle "CM"]

1. e4 e5 2. Nf3 Nc6 3. d4 exd4 4. Bc4 Nf6 5. O-O d6 6. Nxd4 Nxd4 7. Qxd4 
Be7 8. Nc3 O-O 9. Bg5 h6 10. Bh4 Be6 11. Rad1 Nd7 12. Bxe7 Qxe7 13. f4 Nb6
14. Be2 f5 15. a4 Qf6 16. e5 dxe5 17. fxe5 Qg5 18. a5 Nd7 19. Bc4 Bxc4 20.
 Qxc4+ Kh8 21. Rxd7 Qe3+ 22. Kh1 Qxe5 23. Qxc7 Rac8 24. Qxe5 1-0

[Event "European Cities & Towns Chess Championship - Open/Seniors"]
[Site "Central Europe"]
[Date "2023.01.29"]
[Round "9.10.2"]
[White "Zagar, Katarina"]
[Black "Guner, Bulent"]
[Result "0-1"]
[WhiteElo "1153"]
[BlackElo "1974"]
[BlackCountry "TR"]
[BlackFideId "6300553"]
[BlackTeam "Istanbul - Seniors"]
[WhiteCountry "SI"]
[WhiteFideId "14653826"]
[WhiteTeam "Ljubljana - Komenda"]

1. e4 e5 2. Nf3 Nc6 3. Bc4 Bc5 4. O-O d6 5. d3 Nf6 6. Nc3 h6 7. h3 g5 8. 
Nh2 Be6 9. Bxe6 fxe6 10. Kh1 Qe7 11. Ng4 O-O-O 12. Nxf6 Qxf6 13. f3 a6 14.
 a3 h5 15. b3 Bd4 16. Bb2 Rdg8 17. Na4 Ba7 18. c4 Qg6 19. b4 g4 20. fxg4 
hxg4 21. Kh2 gxh3 22. gxh3 Qg2# 0-1

[Event "European Cities & Towns Chess Championship - Open/Seniors"]
[Site "Central Europe"]
[Date "2023.01.29"]
[Round "9.10.3"]
[White "Sezgun, Yakup"]
[Black "Krstic, David"]
[Result "1/2-1/2"]
[WhiteElo "1739"]
[BlackElo "1000"]
[BlackCountry "SI"]
[BlackFideId "14654946"]
[BlackTeam "Ljubljana - Komenda"]
[WhiteCountry "TR"]
[WhiteFideId "6338496"]
[WhiteTeam "Istanbul - Seniors"]

1. Nf3 Nf6 2. g3 g6 3. Bg2 Bg7 4. O-O O-O 5. c4 d6 6. d4 c5 7. Nc3 cxd4 8.
 Nxd4 Nfd7 9. b3 a6 10. Bb2 Qc7 11. Nd5 Qd8 12. Qc2 Nc6 13. Nxc6 bxc6 14. 
Bxg7 Kxg7 15. Nc3 Bb7 16. Rfd1 Qc7 17. Qe4 Nc5 18. Qd4+ Kg8 19. Ne4 Nxe4 
20. Qxe4 Rab8 21. Qf4 c5 22. Qh6 Bxg2 23. Kxg2 Qc6+ 24. f3 Qd7 25. e4 Qe6 
26. h4 Qf6 27. Rab1 Qc3 28. Qd2 Qxd2+ 29. Rxd2 f6 30. f4 Rbd8 31. Rbd1 Kf7
32. e5 Ke6 33. exd6 Rxd6 34. Rd5 Rfd8 35. Re1+ Kf7 36. Rxc5 Rd2+ 37. Kh3 
Rxa2 38. Rc7 Re8 39. Rd1 Kf8 40. Rdd7 Rb2 41. Rb7 a5 42. Kg4 f5+ 43. Kf3 
Rc2 44. Rdc7 Rc3+ 45. Kf2 Rc2+ 46. Kf3 Rc3+ 47. Kg2 Rc2+ 48. Kh3 Re2 49. 
Ra7 Rb8 50. Rcb7 Rxb7 51. Rxb7 Kf7 52. Rb5 Ra2 53. g4 fxg4+ 54. Kxg4 Ke6 
55. Kg5 Rg2+ 56. Kh6 Rg4 57. Kxh7 Rxh4+ 58. Kxg6 Rxf4 59. Rxa5 Kd6 60. Kg5
Rf3 61. Rb5 e5 62. b4 e4 63. Kg4 Rf1 64. Rd5+ Kc6 65. Re5 Rb1 66. b5+ Kb6 
67. Rxe4 Kc5 68. Kf5 Rd1 69. Ke6 Rd6+ 70. Ke7 Rb6 71. Re6 Rb7+ 72. Kd8 
Kxc4 73. b6 Kc5 74. Kc8 Rxb6 75. Rxb6 Kxb6 1/2-1/2

[Event "European Cities & Towns Chess Championship - Open/Seniors"]
[Site "Central Europe"]
[Date "2023.01.29"]
[Round "9.11.1"]
[White "Rama, Lorenc"]
[Black "Kumar, Sanjit S"]
[Result "1-0"]
[WhiteElo "2125"]
[BlackElo "1968"]
[BlackCountry "GB"]
[BlackFideId "468142"]
[BlackTeam "London Juniors"]
[WhiteCountry "AL"]
[WhiteFideId "4700171"]
[WhiteTeam "TEUTA - Durres Albania"]
[WhiteTitle "FM"]

1. d4 d5 2. c4 c6 3. Nf3 Nf6 4. Qb3 Qb6 5. c5 Qc7 6. g3 Nbd7 7. Bf4 Qa5+ 
8. Nc3 Ne4 9. Bg2 f6 10. O-O Nxc3 11. bxc3 e5 12. Bd2 e4 13. Ne1 b6 14. 
cxb6 axb6 15. f3 Ba6 16. fxe4 Bxe2 17. Rf2 Bc4 18. Qd1 Bd6 19. Qg4 O-O-O 
20. exd5 cxd5 21. Qxg7 Rdg8 22. Qf7 Rf8 23. Qe6 Re8 24. Qxd6 Qb5 25. Bh3 
Rd8 26. Rxf6 Qb2 27. Qc6+ Kb8 28. Bxd7 Rxd7 29. Bf4+ Ka7 30. Qxd7+ Ka6 31.
 Qa4+ Kb7 32. Rf7+ Kc8 33. Qa8# 1-0

[Event "European Cities & Towns Chess Championship - Open/Seniors"]
[Site "Central Europe"]
[Date "2023.01.29"]
[Round "9.11.2"]
[White "Patel, Zain"]
[Black "Ramaj, Ergit"]
[Result "1-0"]
[WhiteElo "1806"]
[BlackElo "1861"]
[BlackCountry "AL"]
[BlackFideId "4703669"]
[BlackTeam "TEUTA - Durres Albania"]
[WhiteCountry "GB"]
[WhiteFideId "469246"]
[WhiteTeam "London Juniors"]

1. d4 Nf6 2. Nf3 e6 3. c4 d5 4. Nc3 Bb4 5. Qa4+ Nc6 6. e3 O-O 7. Bd2 dxc4 
8. Bxc4 a6 9. Qc2 Bd6 10. O-O e5 11. dxe5 Nxe5 12. Nxe5 Bxe5 13. Rad1 
Bxh2+ 14. Kxh2 Ng4+ 15. Kg3 Re8 16. Rh1 g6 17. Bxf7+ Kxf7 18. Rxh7+ Kf8 
19. Nb5 Qf6 20. Bc3 Qg5 21. Rh8+ Kf7 22. Qb3+ Be6 23. Rd7+ Re7 24. Rh7+ 
Kg8 25. Qxe6+ Rxe6 26. Rh8# 1-0

[Event "European Cities & Towns Chess Championship - Open/Seniors"]
[Site "Central Europe"]
[Date "2023.01.29"]
[Round "9.11.3"]
[White "Caushi, Alket"]
[Black "Yedid, Lior"]
[Result "1-0"]
[WhiteElo "1768"]
[BlackElo "1521"]
[BlackCountry "GB"]
[BlackFideId "487457"]
[BlackTeam "London Juniors"]
[WhiteCountry "AL"]
[WhiteFideId "4701801"]
[WhiteTeam "TEUTA - Durres Albania"]

1. e4 c5 2. Nf3 Nc6 3. d4 cxd4 4. Nxd4 Nf6 5. Nc3 e5 6. Ndb5 d6 7. Bg5 a6 
8. Na3 b5 9. Nd5 Be7 10. Bxf6 Bxf6 11. c3 Bg5 12. Be2 Be6 13. Nc2 O-O 14. 
Nce3 Bxe3 15. Nxe3 Ne7 16. Bf3 Qd7 17. O-O f5 18. exf5 Nxf5 19. Bxa8 Nxe3 
20. fxe3 Rxa8 21. Qd3 Bc4 22. Qf5 Qa7 23. Rfe1 Rf8 24. Qe4 Qe7 25. Rad1 d5
26. Qg4 Qf6 27. Qg3 Bxa2 28. Rf1 Qe7 29. Rxf8+ Kxf8 30. Rf1+ Kg8 31. Qg4 
Qe8 32. Ra1 Bc4 33. Rxa6 b4 34. Ra7 Qf8 35. Qe6+ Kh8 36. Rf7 Qa8 37. Ra7 
Qf8 38. Rf7 Qa8 39. Re7 Qa1+ 40. Kf2 Qf1+ 41. Kg3 Qe1+ 42. Kh3 Qxe3+ 43. 
g3 Bf1+ 44. Kg4 Qe4+ 45. Kg5 h6+ 46. Kh5 Kh7 47. Qxh6+ Kg8 48. Qxg7# 1-0

[Event "European Cities & Towns Chess Championship - Open/Seniors"]
[Site "Central Europe"]
[Date "2023.01.29"]
[Round "9.11.4"]
[White "Hanache, Kai"]
[Black "Kote, Aleks"]
[Result "0-1"]
[WhiteElo "1394"]
[BlackElo "1503"]
[BlackCountry "AL"]
[BlackFideId "4702778"]
[BlackTeam "TEUTA - Durres Albania"]
[WhiteCountry "GB"]
[WhiteFideId "490105"]
[WhiteTeam "London Juniors"]

1. e4 c5 2. Nf3 e6 3. d4 cxd4 4. Nxd4 a6 5. Bd3 Qc7 6. O-O Nf6 7. Nc3 Be7 
8. Be3 d6 9. Qd2 O-O 10. f3 b5 11. a3 Bb7 12. Rad1 Nbd7 13. Rfe1 Rac8 14. 
Kh1 Ne5 15. Qf2 d5 16. Qg3 Nxd3 17. Qxc7 Rxc7 18. cxd3 dxe4 19. dxe4 Rd8 
20. Nb3 Rcd7 21. Rxd7 Rxd7 22. Rd1 Rxd1+ 23. Nxd1 Kf8 24. Nc5 Bxc5 25. 
Bxc5+ Ke8 26. Nc3 Kd7 27. Kg1 Kc6 28. Bd4 a5 29. b4 axb4 30. axb4 Ne8 31. 
Bc5 Nf6 32. e5 Nd7 33. Bd4 f6 34. f4 fxe5 35. Bxe5 Nxe5 36. fxe5 Kb6 37. 
g3 Bd5 38. Nxd5+ exd5 39. Kf2 Kc6 40. Ke3 Kd7 41. Kd4 Ke6 42. h3 h5 43. g4
hxg4 44. hxg4 g5 45. Kc5 Kxe5 46. Kxb5 d4 47. Kc4 Ke4 48. b5 d3 49. b6 d2 
50. b7 d1=Q 51. b8=Q Qc1+ 0-1

[Event "European Cities & Towns Chess Championship - Women"]
[Site "Central Europe"]
[Date "2023.01.29"]
[Round "1.1.1"]
[White "Can, Isil"]
[Black "Houska, Jovanka"]
[Result "0-1"]
[WhiteElo "2007"]
[BlackElo "2338"]
[BlackCountry "GB"]
[BlackFideId "405094"]
[BlackTeam "London Women"]
[BlackTitle "IM"]
[WhiteCountry "TR"]
[WhiteFideId "34505733"]
[WhiteTeam "Istanbul"]
[WhiteTitle "WCM"]

1. e4 c6 2. d4 d5 3. exd5 cxd5 4. Bd3 Nc6 5. Nf3 Bg4 6. c3 e6 7. Bf4 Bd6 
8. Bg3 Nf6 9. Nbd2 O-O 10. O-O Bxg3 11. hxg3 Rc8 12. a4 Na5 13. Qb1 Bxf3 
14. Nxf3 Nc4 15. Bxc4 Rxc4 16. Ne5 Rc7 17. f3 h5 18. Qc1 Ne8 19. g4 hxg4 
20. Nxg4 Qh4 21. Qf4 f5 22. g3 Qh5 23. Ne5 g5 24. Qd2 Rh7 25. Qg2 Nf6 26. 
Kf2 g4 27. Rh1 gxf3 28. Rxh5 fxg2 29. Rg5+ Rg7 30. Rxg7+ Kxg7 31. Kxg2 Ne4
32. Rg1 Rh8 33. g4 Kf6 34. gxf5 exf5 35. Kf1 f4 36. Rg6+ Kf5 37. Rg1 Rh2 
38. Rg2 Rh1+ 39. Ke2 Ng3+ 40. Kd3 Rd1+ 41. Kc2 Rh1 42. Kd3 b6 43. c4 Rd1+ 
44. Kc2 Rxd4 45. Nf3 Rxc4+ 46. Kd3 Rxa4 47. Nd4+ Kg4 48. b3 Ra1 49. Kc3 
Rc1+ 0-1

[Event "European Cities & Towns Chess Championship - Women"]
[Site "Central Europe"]
[Date "2023.01.29"]
[Round "1.1.2"]
[White "Yao, Lan"]
[Black "Onur, Cigdem"]
[Result "1-0"]
[WhiteElo "2271"]
[BlackElo "1922"]
[BlackCountry "TR"]
[BlackFideId "6346030"]
[BlackTeam "Istanbul"]
[BlackTitle "WCM"]
[WhiteCountry "GB"]
[WhiteFideId "8610835"]
[WhiteTeam "London Women"]
[WhiteTitle "WIM"]

1. e4 c5 2. Nf3 Nc6 3. Bb5 e6 4. Bxc6 bxc6 5. e5 Ne7 6. O-O Ng6 7. Nc3 f6 
8. exf6 gxf6 9. d3 d5 10. Re1 Bd6 11. Bh6 Bf4 12. Bxf4 Nxf4 13. Ne2 Qd6 
14. d4 Nxe2+ 15. Qxe2 Bd7 16. Nh4 O-O 17. dxc5 Qxc5 18. Qh5 Rf7 19. c3 Rg7
20. Re3 Kh8 21. Rh3 e5 22. Nf5 Bxf5 23. Qxf5 Qe7 24. Rh6 Rf8 25. Re1 Rg5 
26. Qh3 Qg7 27. Rh5 Rg8 28. Rxg5 Qxg5 29. g3 Qg4 30. Qh6 Qg6 31. Qe3 Qg5 
32. Qxa7 Qd2 33. Rf1 Qxb2 34. Qf7 Qxa2 35. Qxf6+ Rg7 36. Qxe5 h6 37. Qf6 
Qd2 38. Qxc6 Rf7 39. Qc5 Kg8 40. Qd4 Qe2 41. Qxd5 Kg7 42. c4 Rf3 43. c5 
Rd3 44. Qb7+ Kf6 45. c6 Rd1 46. Rxd1 Qxd1+ 47. Kg2 Qd5+ 48. f3 Qa2+ 49. 
Kh3 Qe6+ 50. g4 Qe2 51. c7 Qf1+ 52. Kg3 Qg1+ 53. Kh3 Qf1+ 54. Kg3 Qg1+ 55.
 Kf4 Qxh2+ 56. Ke4 Qe2+ 57. Kd4 Qd2+ 58. Kc5 Qc3+ 59. Kb6 Qb3+ 60. Ka7 
Qa3+ 61. Kb8 Qf8+ 62. c8=Q 1-0

[Event "European Cities & Towns Chess Championship - Women"]
[Site "Central Europe"]
[Date "2023.01.29"]
[Round "1.1.3"]
[White "Hereklioglu, Sude"]
[Black "Toma, Katarzyna"]
[Result "0-1"]
[WhiteElo "1911"]
[BlackElo "2232"]
[BlackCountry "GB"]
[BlackFideId "1119907"]
[BlackTeam "London Women"]
[BlackTitle "WGM"]
[WhiteCountry "TR"]
[WhiteFideId "6359531"]
[WhiteTeam "Istanbul"]
[WhiteTitle "WFM"]

1. Nf3 Nf6 2. c4 g6 3. Nc3 d5 4. cxd5 Nxd5 5. g3 Bg7 6. Bg2 Nb6 7. O-O Nc6
8. d3 O-O 9. Bg5 h6 10. Bd2 e5 11. Rb1 Re8 12. b4 Nd4 13. Nxd4 exd4 14. 
Ne4 c6 15. b5 cxb5 16. Rxb5 Bd7 17. Rb1 Bc6 18. Bb4 Nd5 19. Qb3 Nxb4 20. 
Qxb4 Re7 21. Rb2 Kh7 22. f4 f5 23. Nd6 Bxg2 24. Kxg2 b6 25. Kg1 Re6 26. 
Nb5 a6 27. Na3 b5 28. Nb1 Ra7 29. a4 bxa4 30. Qxa4 Rae7 31. Rf2 Qc7 32. 
Rc2 Qb7 33. Na3 Rb6 34. Rg2 Rc7 35. Nc4 Rb1+ 36. Kf2 Re7 37. Ra2 Re6 38. 
Qc2 Rb5 39. Na5 Qe7 40. Nc6 Rxc6 41. Qd1 Qe3+ 42. Kf1 Rc1 0-1

[Event "European Cities & Towns Chess Championship - Women"]
[Site "Central Europe"]
[Date "2023.01.29"]
[Round "1.1.4"]
[White "Hryshchenko, Kamila"]
[Black "Mustu, Hatice Asli"]
[Result "1-0"]
[WhiteElo "2139"]
[BlackElo "1903"]
[BlackCountry "TR"]
[BlackFideId "34576843"]
[BlackTeam "Istanbul"]
[WhiteCountry "GB"]
[WhiteFideId "14147491"]
[WhiteTeam "London Women"]

1. e4 c5 2. d3 e6 3. Be2 d5 4. f4 dxe4 5. dxe4 Be7 6. Nf3 Nf6 7. Nc3 O-O 
8. Be3 b6 9. Ne5 Bb7 10. Bf3 Nc6 11. Nxc6 Bxc6 12. Qe2 Qc7 13. O-O Qb7 14.
 Bf2 b5 15. Rfe1 Rfd8 16. h3 Rac8 17. Nb1 Nd7 18. Nd2 Nb6 19. Nb3 Nc4 20. 
c3 Qb6 21. Rad1 a5 22. Nc1 Bb7 23. Nd3 Qc7 24. b3 Nb6 25. Ne5 Ba6 26. Qe3 
Nd7 27. Nxd7 Rxd7 28. Rxd7 Qxd7 29. Rd1 Qc7 30. e5 Bb7 31. Bxb7 Qxb7 32. 
Qd3 c4 33. Qd7 Qxd7 34. Rxd7 cxb3 35. axb3 Bf8 36. Bd4 a4 37. b4 h6 38. 
Ra7 Rc4 39. Ra8 Rxd4 40. cxd4 g6 41. Ra5 Bxb4 42. Rxb5 Bc3 43. Rb8+ Kg7 
44. Ra8 Bxd4+ 45. Kf1 a3 46. Rxa3 g5 47. g3 Kg6 48. Rd3 Bb2 49. Rd7 Bc1 
50. Rc7 Bd2 51. Ke2 Ba5 52. Ra7 Bb6 53. Rb7 Bc5 54. Kf3 gxf4 55. gxf4 f6 
56. Rc7 Bd4 57. Rd7 Ba1 58. Ra7 Bb2 59. Ra2 Bc3 60. Rg2+ Kf5 61. Rc2 Bd4 
62. exf6 Bxf6 63. Rg2 e5 64. fxe5 Bxe5 65. Rg8 Bf6 66. Rg4 h5 67. Rg8 h4 
68. Rg2 Ke5 69. Rg4 Kf5 70. Ke3 Ke5 71. Kf3 Kf5 72. Ke2 Ke5 73. Kd3 Kf5 
74. Kc4 Ke5 75. Kc5 Ke6 76. Kc6 Ke5 77. Kd7 Kf5 78. Ke8 Bg5 79. Kf7 Bf6 
80. Kg8 Bg5 81. Kg7 Bf6+ 82. Kh6 Ke6 83. Rg6 Kf7 84. Rg4 Ke6 85. Kg6 Ke5 
86. Ra4 Bd8 87. Ra8 Bb6 88. Rf8 Ke4 89. Kh5 Bc5 90. Re8+ Kf3 91. Kxh4 Bf2+
92. Kg5 Be3+ 93. Rxe3+ Kxe3 94. h4 1-0

[Event "European Cities & Towns Chess Championship - Women"]
[Site "Central Europe"]
[Date "2023.01.29"]
[Round "1.2.1"]
[White "Unuk, Laura"]
[Black "Lehaci, Miruna-Daria"]
[Result "1-0"]
[WhiteElo "2296"]
[BlackElo "2154"]
[BlackCountry "RO"]
[BlackFideId "1234765"]
[BlackTeam "Iasi"]
[BlackTitle "WIM"]
[WhiteCountry "SI"]
[WhiteFideId "14609215"]
[WhiteTeam "Ljubljana Women"]
[WhiteTitle "IM"]

1. d4 Nf6 2. c4 e6 3. Nf3 c5 4. d5 exd5 5. cxd5 d6 6. Nc3 g6 7. Bf4 Bg7 8.
 h3 O-O 9. e3 Na6 10. Nd2 Nc7 11. Nc4 b5 12. Nxd6 b4 13. Nce4 Nfxd5 14. 
Bg5 Qd7 15. Bc4 Qc6 16. O-O Be6 17. Rc1 Nc3 18. bxc3 Bxc4 19. Nxc4 Qxe4 
20. cxb4 Ne6 21. Be7 cxb4 22. Bxf8 Rxf8 23. Qd7 a6 24. Nd6 Qd5 25. Rfd1 
Qxa2 26. Rc8 Rxc8 27. Qxf7+ Kh8 28. Nxc8 h5 29. Ne7 Qc4 30. Qg8# 1-0

[Event "European Cities & Towns Chess Championship - Women"]
[Site "Central Europe"]
[Date "2023.01.29"]
[Round "1.2.2"]
[White "Obada, Ema"]
[Black "Urh, Zala"]
[Result "0-1"]
[WhiteElo "2106"]
[BlackElo "2282"]
[BlackCountry "SI"]
[BlackFideId "14611481"]
[BlackTeam "Ljubljana Women"]
[BlackTitle "WIM"]
[Termination "time forfeit"]
[WhiteCountry "RO"]
[WhiteFideId "1234803"]
[WhiteTeam "Iasi"]
[WhiteTitle "WCM"]

1. e4 c5 2. Nf3 Nc6 3. Bb5 e5 4. O-O Bd6 5. c3 a6 6. Ba4 b5 7. Bc2 Nf6 8. 
d4 cxd4 9. cxd4 exd4 10. e5 Bxe5 11. Nxe5 Nxe5 12. Re1 d6 13. f4 Ng4 14. 
fxe5 Qh4 15. exd6+ Kf8 16. h3 Qf2+ 17. Kh1 Bb7 18. Be4 Qh4 19. Bxb7 Nf2+ 
20. Kg1 Nxd1 21. Rxd1 Rd8 22. Nd2 Rxd6 23. Nf3 Qd8 24. Bf4 Rd7 25. Bc6 d3 
26. Bxd7 Qxd7 27. Kh2 f6 28. Rac1 h5 29. Rc7 Qf5 30. Bg3 Kg8 31. Nd4 Qe4 
32. Nf3 Rh6 33. Rd7 Rg6 34. R1xd3 Qe2 35. Rd2 Qe4 36. Rd8+ Kh7 37. R8d4 
Qe3 38. R4d3 Qe4 39. Nh4 Rg5 40. Nf3 Rc5 41. Rd7 Rc1 42. R7d5 Qb1 43. Bf4 
Rh1+ 44. Kg3 h4+ 45. Kxh4 g5+ 46. Bxg5 fxg5+ 47. Nxg5+ Kg6 48. Rd6+ Kf5 
49. R2d5+ Kf4 50. Rd4+ Ke3 51. Re4+ Kf2 52. Rd2+ Kf1 53. Rf4+ Ke1 54. Nf3+
Kf1 55. Rf2+ Kxf2 56. Nd2+ Ke3 57. Nxb1 Kxf4 58. Nd2 Rd1 59. Nf3 Rb1 60. 
b3 Rb2 61. Nd4 Rxa2 62. g4 Rd2 63. Ne6+ Ke5 64. Nc5 a5 65. g5 Rd5 66. Na6 
Rd4+ 67. Kh5 Rd3 68. g6 Rxb3 69. g7 Rxh3+ 70. Kg6 Rg3+ 71. Kf7 b4 72. Nc5 
Kd5 73. Nd3 b3 74. Nf4+ Ke4 75. Ng6 b2 76. g8=Q b1=Q 77. Qe8+ Kd3 78. Qd7+
Ke2 79. Qe6+ Re3 80. Qc4+ Qd3 81. Qa2+ Qd2 82. Qc4+ Ke1 83. Kg7 Qd7+ 84. 
Kh6 Rh3+ 85. Kg5 Qd8+ 86. Kf5 Rf3+ 87. Kg4 Re3 88. Qc1+ Qd1+ 89. Qxd1+ 
Kxd1 0-1

[Event "European Cities & Towns Chess Championship - Women"]
[Site "Central Europe"]
[Date "2023.01.29"]
[Round "1.2.3"]
[White "Vidic, Teja"]
[Black "Andries, Alexia"]
[Result "1/2-1/2"]
[WhiteElo "2138"]
[BlackElo "1567"]
[BlackCountry "RO"]
[BlackFideId "1267272"]
[BlackTeam "Iasi"]
[WhiteCountry "SI"]
[WhiteFideId "14605511"]
[WhiteTeam "Ljubljana Women"]
[WhiteTitle "WIM"]

1. e4 c5 2. Nf3 e6 3. c3 Nc6 4. d4 d5 5. exd5 exd5 6. Bb5 Nf6 7. O-O Be7 
8. dxc5 O-O 9. b4 Bg4 10. h3 Bh5 11. Be2 a5 12. b5 Na7 13. a4 Rc8 14. Be3 
Bxc5 15. Bd4 Ne4 16. Nfd2 Bxe2 17. Qxe2 Re8 18. Qd3 Qb6 19. Nb3 Bxd4 20. 
cxd4 Rc4 21. Rd1 Nc8 22. f3 Ng3 23. Na3 Ne2+ 24. Kf2 Rc3 25. Qb1 Qh6 26. 
Rd3 Qh4+ 27. Kf1 Ng3+ 28. Kg1 Ne2+ 29. Kf1 Ng3+ 30. Kg1 Ne2+ 31. Kf1 
1/2-1/2

[Event "European Cities & Towns Chess Championship - Women"]
[Site "Central Europe"]
[Date "2023.01.29"]
[Round "1.2.4"]
[White "Cretu, Sofia"]
[Black "Rozman, Monika"]
[Result "0-1"]
[WhiteElo "1221"]
[BlackElo "2125"]
[BlackCountry "SI"]
[BlackFideId "14609118"]
[BlackTeam "Ljubljana Women"]
[BlackTitle "WFM"]
[WhiteCountry "RO"]
[WhiteFideId "1283790"]
[WhiteTeam "Iasi"]

1. e4 e5 2. Nf3 Nc6 3. Bc4 Bc5 4. d3 Nf6 5. O-O O-O 6. Bb3 d6 7. c3 a6 8. 
Nbd2 Be6 9. Bc2 Re8 10. Re1 Ng4 11. Nf1 Nxf2 12. Qe2 Nxd3+ 13. Be3 Nxe1 
14. Rxe1 Bxe3+ 15. Qxe3 h6 16. Ng3 Ne7 17. Rf1 a5 18. Nh4 a4 19. a3 Ng6 
20. Nhf5 Qg5 21. Qf2 Nf4 22. Ne2 Nh3+ 23. Kh1 Nxf2+ 24. Rxf2 Bxf5 25. exf5
Qe3 26. Kg1 d5 27. Ng3 Qc1+ 28. Nf1 Qxb2 29. f6 Qxa3 30. fxg7 Qc5 31. Ng3 
a3 32. Bb1 a2 33. Bxa2 Rxa2 34. Nh5 Ra1# 0-1

[Event "European Cities & Towns Chess Championship - Women"]
[Site "Central Europe"]
[Date "2023.01.29"]
[Round "1.3.1"]
[White "Stefanidi, Maria-Anna"]
[Black "Cramling, Pia"]
[Result "0-1"]
[WhiteElo "1955"]
[BlackElo "2458"]
[BlackCountry "SE"]
[BlackFideId "1700030"]
[BlackTeam "Stockholm 2 - Sweden"]
[BlackTitle "GM"]
[WhiteCountry "GR"]
[WhiteFideId "4207750"]
[WhiteTeam "Kallithea - Athens"]
[WhiteTitle "WFM"]

1. e4 c5 2. Nf3 Nc6 3. d4 cxd4 4. Nxd4 Nf6 5. Nxc6 bxc6 6. Bd3 e5 7. O-O 
Bc5 8. Nc3 a5 9. Qe2 Rb8 10. Na4 Ba7 11. Kh1 d6 12. b3 O-O 13. h3 d5 14. 
Bg5 h6 15. Bh4 Re8 16. Rad1 g5 17. Bg3 Qc7 18. f3 Nh5 19. Bh2 Bd7 20. Qd2 
Nf4 21. Rfe1 Be6 22. Bxf4 exf4 23. exd5 cxd5 24. c3 Be3 25. Qb2 Bd7 26. 
Qa3 Be6 27. Bb1 Rec8 28. Qb2 Qe5 29. Qc2 Qg7 30. Qd3 Rc6 31. Rxe3 fxe3 32.
 Qxe3 Rcc8 33. Nb6 Re8 34. Qc5 Qf6 35. Qxa5 Qd8 36. Nc4 Qe7 37. Ne5 Qd6 
38. Nd3 Qg3 39. Qc5 Bxh3 40. Qf2 Qxf2 41. Nxf2 Be6 42. Bd3 Rec8 43. Rc1 
Rc7 44. Nd1 Rb6 45. Kg1 f5 46. Kf2 Kf7 47. Ke2 Kf6 48. Kd2 g4 49. Ne3 h5 
50. c4 d4 51. Nf1 h4 52. Ke2 g3 53. f4 Bf7 54. Nd2 Bh5+ 55. Kf1 Re6 56. c5
Re3 57. Bc4 Rxc5 58. b4 Rc8 59. b5 Be2+ 60. Kg1 Bxc4 61. Nxc4 Rxc4 62. 
Rxc4 Re1# 0-1

[Event "European Cities & Towns Chess Championship - Women"]
[Site "Central Europe"]
[Date "2023.01.29"]
[Round "1.3.2"]
[White "Tetenkina, Irina"]
[Black "Tsouba, Maria"]
[Result "1-0"]
[WhiteElo "2213"]
[BlackElo "1672"]
[BlackCountry "GR"]
[BlackFideId "4231643"]
[BlackTeam "Kallithea - Athens"]
[Termination "time forfeit"]
[WhiteCountry "SE"]
[WhiteFideId "13500996"]
[WhiteTeam "Stockholm 2 - Sweden"]
[WhiteTitle "WIM"]

1. Nf3 Nf6 2. g3 d5 3. c4 c6 4. b3 Bf5 5. Bb2 e6 6. Bg2 Nbd7 7. O-O Be7 8.
 d3 O-O 9. Nbd2 Qc7 10. Re1 Rac8 11. e4 dxe4 12. dxe4 Bg6 13. e5 Ng4 14. 
h3 Nh6 15. Ne4 Bxe4 16. Rxe4 Rfd8 17. Qe1 Nf8 18. Rd1 Qb6 19. Bd4 Bc5 20. 
g4 Ng6 21. Bxc5 Qxc5 22. Red4 Qb6 23. R1d2 Qc7 24. Qd1 Rxd4 25. Rxd4 f6 
26. Rd7 Qb6 27. exf6 gxf6 28. Qd2 Nf7 29. b4 c5 30. b5 a6 31. g5 axb5 32. 
gxf6 bxc4 33. Ng5 Rf8 34. Nxf7 Rxf7 35. Rd8+ Rf8 36. Rd6 Qb1+ 37. Kh2 Qf5 
38. Bxb7 Qe5+ 39. f4 Qxf4+ 40. Qxf4 Nxf4 41. Kg3 Ne2+ 42. Kf2 Nd4 43. a4 
Rxf6+ 44. Ke1 Nc2+ 45. Kd2 Nd4 46. a5 Nb3+ 47. Kc3 Nxa5 48. Rd8+ Kf7 49. 
Rd7+ Kg6 50. Be4+ Kh6 51. Rxh7+ Kg5 52. h4+ Kf4 53. Bc2 1-0

[Event "European Cities & Towns Chess Championship - Women"]
[Site "Central Europe"]
[Date "2023.01.29"]
[Round "1.3.3"]
[White "Zarkada, Athina"]
[Black "Johansson, Viktoria"]
[Result "0-1"]
[WhiteElo "1219"]
[BlackElo "2042"]
[BlackCountry "SE"]
[BlackFideId "1701940"]
[BlackTeam "Stockholm 2 - Sweden"]
[BlackTitle "WIM"]
[Termination "time forfeit"]
[WhiteCountry "GR"]
[WhiteFideId "25890239"]
[WhiteTeam "Kallithea - Athens"]

1. e4 c5 2. Nf3 Nc6 3. d4 cxd4 4. Nxd4 e5 5. Nb5 d6 6. N1c3 a6 7. Na3 Be7 
8. Nd5 Nf6 9. Nxf6+ Bxf6 10. Bc4 O-O 11. O-O b5 12. Bd5 Bb7 13. c3 Qc7 14.
 Nc2 Rad8 15. Re1 Ne7 16. Ne3 h6 17. a4 Qb6 18. Qd3 Bg5 19. axb5 axb5 20. 
Rd1 Ng6 21. Bxb7 Qxb7 22. Nd5 Bxc1 23. Rdxc1 Qd7 24. Ra5 Rb8 25. Rca1 Rb7 
26. Ra6 Rd8 27. R1a5 Qg4 28. h3 Qg5 29. Rxb5 Nh4 30. g3 Rxb5 31. Qxb5 Qc1+
32. Kh2 Nf3+ 33. Kg2 Ne1+ 0-1

[Event "European Cities & Towns Chess Championship - Women"]
[Site "Central Europe"]
[Date "2023.01.29"]
[Round "1.3.4"]
[White "Andric, Jelena"]
[Black "Giannakopoulou, Sotiria"]
[Result "1-0"]
[WhiteElo "1967"]
[BlackElo "1000"]
[BlackCountry "GR"]
[BlackFideId "25883763"]
[BlackTeam "Kallithea - Athens"]
[Termination "time forfeit"]
[WhiteCountry "SE"]
[WhiteFideId "919853"]
[WhiteTeam "Stockholm 2 - Sweden"]
[WhiteTitle "WFM"]

1. c4 e5 2. g3 Nc6 3. Bg2 Nge7 4. Nc3 g6 5. e3 Bg7 6. Nge2 O-O 7. O-O d6 
8. d3 Be6 9. Nd5 Nxd5 10. cxd5 Bxd5 11. Bxd5 Qd7 12. Nc3 Rfe8 13. Qf3 Rf8 
14. Ne4 Qd8 15. Rb1 Rb8 16. b4 Ne7 17. Bb3 Qc8 18. Nf6+ Kh8 19. e4 Ng8 20.
 Nxg8 Kxg8 21. Bg5 Qd7 22. Rfc1 Rbe8 23. h4 c6 24. h5 gxh5 25. Qxh5 1-0

[Event "European Cities & Towns Chess Championship - Women"]
[Site "Central Europe"]
[Date "2023.01.29"]
[Round "1.4.1"]
[White "Cvitan, Ena"]
[Black "Caku, Kler"]
[Result "1/2-1/2"]
[WhiteElo "2301"]
[BlackElo "1656"]
[BlackCountry "AL"]
[BlackFideId "4704703"]
[BlackTeam "TEUTA - Durres Albania"]
[WhiteCountry "HR"]
[WhiteFideId "14534215"]
[WhiteTeam "Rijeka"]
[WhiteTitle "FM"]

1. d4 d5 2. c4 e6 3. Nc3 Nf6 4. cxd5 exd5 5. Bg5 Be7 6. e3 c6 7. Bd3 O-O 
8. Nge2 Nbd7 9. O-O Re8 10. f3 Nf8 11. Bh4 Ng6 12. Bf2 Bd6 13. h3 a6 14. 
e4 dxe4 15. fxe4 Bc7 16. Qd2 Be6 17. Be3 Bb6 18. Rf2 Nd7 19. Raf1 Ndf8 20.
 Kh1 Qd7 21. Rf3 Rad8 22. Bg5 f6 23. Be3 Qc7 24. a3 Ba7 25. b4 Bb8 26. Bg1
Nh4 27. Rf4 Nhg6 28. R4f3 Nh4 29. R3f2 Ba7 30. Bb1 Bc4 31. Rf4 Nhg6 32. 
R4f3 Qd7 33. Rd1 Bxe2 34. Nxe2 Nh4 35. Rf4 Nhg6 36. Rf3 Nh4 37. Rf4 Nhg6 
38. Rff1 Ne6 39. d5 Bxg1 40. Nxg1 Ng5 41. Qa2 Kh8 42. Bc2 cxd5 43. exd5 
Qd6 44. Qb1 Nf4 45. Bf5 Nh5 46. Rd3 Ng3+ 47. Rxg3 Qxg3 48. Rf3 Qe1 49. 
Qxe1 Rxe1 50. Rd3 Rd6 51. Kh2 g6 52. Bg4 f5 53. Bf3 Re5 54. Rc3 Re7 55. 
Rc5 Ne4 56. Bxe4 fxe4 57. Ne2 Red7 58. Nc3 e3 59. Kg3 Rf7 60. Ne4 Rd8 61. 
Ng5 Re7 62. Ne6 Rde8 63. Rc1 Rxe6 64. dxe6 Rxe6 65. Re1 Kg7 66. Kf3 Kf6 
67. Rxe3 Rxe3+ 68. Kxe3 1/2-1/2